[Event "Torre Blanca op Superior"]
[Site "Buenos Aires"]
[Date "2004.12.06"]
[Round "2"]
[White "Jolodovsky, Alberto"]
[Black "Albarran, Gustavo Eduardo"]
[Result "0-1"]
[WhiteElo "2066"]
[BlackElo "2236"]
[PlyCount "158"]
[EventDate "2004.12.02"]
[EventType "swiss"]
[EventRounds "9"]
[EventCountry "ARG"]
[SourceTitle "EXT 2006"]
[Source "ChessBase"]
[SourceDate "2005.11.24"]
[SourceVersion "1"]
[SourceVersionDate "2005.11.24"]
[SourceQuality "1"]

1. e4 g6 2. Nf3 Bg7 3. d3 c5 4. c3 d5 5. exd5 Qxd5 6. Be2 Nc6 7. Na3 Nf6 8. h3 e5 9. Nc4 0-0 10. 0-0 b6 11. Qb3 Re8 12. Ne3 Qxb3 13. axb3 Na5 14. Bd1 Bb7 15. Nd2 Rad8 16. Bc2 Re7 17. Ndc4 Nc6 18. Ng4 Nd5 19. Re1 h5 20. Nge3 Nf4 21. Nf1 Nxd3 22. Bxd3 Rxd3 23. Be3 Red7 24. g3 Kh7 25. Nh2 f6 26. Kf1 Bh6 27. Bxh6 Kxh6 28. Ne3 Na5 29. Ra3 Rd2 30. Rb1 Be4 31. Rba1 Rxb2 32. Re1 Bc6 33. b4 cxb4 34. cxb4 Rxb4 35. Rc1 Bb5+ 36. Kg1 Nc4 37. Nxc4 Rxc4 38. Rca1 a6 39. Nf1 Rc2 40. Ne3 Rb2 41. Nd1 Rc2 42. Ne3 Re2 43. Nf1 Rd3 44. Rxa6 Bxa6 45. Rxa6 Rb3 46. Ne3 Rb1+ 47. Kg2 e4 48. h4 Ree1 49. g4 Rh1 50. Kg3 Rhg1+ 51. Kf4 g5+ 52. hxg5+ fxg5+ 53. Kxe4 h4 54. Ra8 Rb4+ 55. Ke5 Rgxg4 56. Nf5+ Kg6 57. Rg8+ Kf7 58. Rg7+ Ke8 59. Nd6+ Kd8 60. Nb7+ Kc8 61. Nd6+ Kb8 62. Kd5 Rgd4+ 63. Ke6 Rxd6+ 64. Kxd6 g4 65. Kc6 h3 66. Rh7 b5 67. Rh8+ Ka7 68. Kc5 Rf4 69. Rh4 b4 70. f3 b3 71. Rh7+ Kb8 72. Rh8+ Kc7 73. Rh7+ Kc8 74. Rh8+ Kd7 75. Rh7+ Ke6 76. fxg4 b2 77. Rh6+ Rf6 78. Rxf6+ Kxf6 79. g5+ Kxg5 0-1

[Event "Torre Blanca IRT-B"]
[Site "Buenos Aires"]
[Date "2002.02.12"]
[Round "3"]
[White "Jolodovsky, Alberto"]
[Black "Maucci, Luis Marcelo"]
[Result "1/2-1/2"]
[WhiteElo "2080"]
[BlackElo "2062"]
[PlyCount "72"]
[EventDate "2002.02.??"]
[EventType "tourn"]
[EventRounds "9"]
[EventCountry "ARG"]
[SourceTitle "EXT 2005"]
[Source "ChessBase"]
[SourceDate "2004.11.15"]
[SourceVersion "1"]
[SourceVersionDate "2004.11.15"]
[SourceQuality "1"]

1. e4 c5 2. d3 Nc6 3. g3 g6 4. Bg2 Bg7 5. Ne2 e6 6. 0-0 Nge7 7. c3 d5 8. Qc2 0-0 9. Bf4 e5 10. Bg5 d4 11. a3 h6 12. Bd2 Bg4 13. f3 Be6 14. c4 a5 15. f4 Bg4 16. Rf2 Qd7 17. Qc1 f5 18. a4 Kh7 19. Na3 exf4 20. Nxf4 fxe4 21. Bxe4 Bf5 22. Qf1 Bxe4 23. dxe4 Ne5 24. b3 Ng4 25. Rf3 Ne5 26. Rf2 Qg4 27. Kg2 N7c6 28. Re1 Rad8 29. Qe2 Qd7 30. Ref1 Ng4 31. Rf3 Nce5 32. Bxa5 Rde8 33. Bd2 Nxf3 34. Rxf3 Ne5 35. Rf2 d3 36. Qe3 Ng4 1/2-1/2

[Event "Torre Blanca IRT-B"]
[Site "Buenos Aires"]
[Date "2002.02.07"]
[Round "2"]
[White "Martello, Juan Alberto"]
[Black "Jolodovsky, Alberto"]
[Result "1/2-1/2"]
[WhiteElo "2056"]
[BlackElo "2080"]
[PlyCount "97"]
[EventDate "2002.02.??"]
[EventType "tourn"]
[EventRounds "9"]
[EventCountry "ARG"]
[SourceTitle "EXT 2005"]
[Source "ChessBase"]
[SourceDate "2004.11.15"]
[SourceVersion "1"]
[SourceVersionDate "2004.11.15"]
[SourceQuality "1"]

1. e4 d6 2. d4 Nf6 3. Nc3 g6 4. Nf3 Bg7 5. Be2 0-0 6. 0-0 c6 7. h3 Nbd7 8. e5 dxe5 9. dxe5 Nd5 10. Nxd5 cxd5 11. Qxd5 Nxe5 12. Qxd8 Rxd8 13. Nxe5 Bxe5 14. c3 Be6 15. Be3 b6 16. Rfd1 Kg7 17. Kf1 f5 18. f4 Bf6 19. Kf2 Rxd1 20. Bxd1 Rd8 21. Bb3 Kf7 22. Bxe6+ Kxe6 23. Ke2 Rd5 24. Rc1 Rd7 25. Rc2 h6 26. g3 g5 27. Rd2 Rxd2+ 28. Kxd2 Kd5 29. Kd3 e5 30. fxe5 Bxe5 31. Bf2 h5 32. c4+ Kc6 33. b3 g4 34. hxg4 hxg4 35. Ke2 Bd6 36. Kd3 a5 37. Ke2 f4 38. gxf4 Bxf4 39. Kf1 Bc7 40. Kg2 Kd7 41. Bg3 Bxg3 42. Kxg3 Kd6 43. Kxg4 Ke5 44. Kf3 Kd4 45. Ke2 Kc3 46. Ke3 a4 47. bxa4 Kxc4 48. a5 bxa5 49. Kd2 1/2-1/2

[Event "Buenos Aires CC Argentino-ch Superior"]
[Site "Buenos Aires"]
[Date "2001.12.13"]
[Round "6"]
[White "Nogues, Alejandro"]
[Black "Jolodovsky, Alberto"]
[Result "1-0"]
[WhiteElo "2227"]
[BlackElo "2066"]
[PlyCount "153"]
[EventDate "2001.12.03"]
[EventType "swiss"]
[EventRounds "9"]
[EventCountry "ARG"]
[SourceTitle "EXT 2003"]
[Source "ChessBase"]
[SourceDate "2002.11.25"]
[SourceVersion "1"]
[SourceVersionDate "2002.11.25"]
[SourceQuality "1"]

1. d4 Nf6 2. c4 g6 3. Nc3 Bg7 4. e4 d6 5. Nf3 0-0 6. Be2 c6 7. 0-0 e5 8. Re1 exd4 9. Nxd4 Qb6 10. Nb3 Rd8 11. Bf4 Ne8 12. Qd2 Be6 13. Rad1 Na6 14. Bf1 Bg4 15. Be3 Qc7 16. f3 Be6 17. Qf2 b6 18. Nd4 Rac8 19. a3 Qe7 20. h3 Nb8 21. f4 c5 22. Nc2 f5 23. exf5 gxf5 24. Nd5 Bxd5 25. Rxd5 Qf6 26. Bd3 Qxb2 27. Bxf5 Rc7 28. Bxh7+ Kf8 29. Be4 Rf7 30. Bd3 Nc7 31. Rf5 Re8 32. Qf3 Qc3 33. Rxf7+ Kxf7 34. Qh5+ Kf8 35. Qf5+ Qf6 36. Qxf6+ Bxf6 37. f5 d5 38. Bh6+ Kf7 39. cxd5 Rxe1+ 40. Nxe1 Ne8 41. Nf3 Nd6 42. g4 c4 43. Be2 b5 44. Bf4 Be7 45. g5 Nd7 46. f6 Bf8 47. Nd4 Nxf6 48. gxf6 Kxf6 49. Ne6 Kf5 50. Bc1 Be7 51. Kf2 Ke5 52. Bf3 Bh4+ 53. Ke2 Nf5 54. Bf4+ Kf6 55. Kd2 a5 56. Bg4 b4 57. a4 Ne7 58. d6 Nc6 59. d7 Ke7 60. Nc7 Kf7 61. Nd5 Nd8 62. Bd6 Bg5+ 63. Nf4 Nc6 64. Be6+ Kf6 65. Bxc4 Nd8 66. Kd3 Nc6 67. Ke4 Nd8 68. Bd5 Nf7 69. Nh5+ Kg6 70. Bxf7+ Kxf7 71. Kf5 Bd8 72. Nf4 b3 73. Ba3 Be7 74. Bb2 Bd8 75. Ne6 Ke7 76. Nxd8 Kxd8 77. Ke6 1-0

[Event "Torre Blanca Copa de Campeones"]
[Site "Buenos Aires"]
[Date "2001.11.15"]
[Round "4"]
[White "Jolodovsky, Alberto"]
[Black "Bosco, Ricardo"]
[Result "1/2-1/2"]
[WhiteElo "2066"]
[BlackElo "2182"]
[PlyCount "45"]
[EventDate "2001.11.05"]
[EventType "swiss"]
[EventRounds "7"]
[EventCountry "ARG"]
[SourceTitle "EXT 2003"]
[Source "ChessBase"]
[SourceDate "2002.11.25"]
[SourceVersion "1"]
[SourceVersionDate "2002.11.25"]
[SourceQuality "1"]

1. e4 c6 2. d4 d5 3. Bd3 dxe4 4. Bxe4 Nf6 5. Bf3 Bf5 6. Ne2 e6 7. Ng3 Bg6 8. 0-0 Be7 9. c4 Nbd7 10. Nc3 Nb6 11. b3 0-0 12. Bb2 Qc7 13. Nce4 Rad8 14. Qe2 Rfe8 15. Rad1 Nbd7 16. Nxf6+ Nxf6 17. Ne4 Nxe4 18. Bxe4 Bxe4 19. Qxe4 Bf6 20. Rd3 g6 21. Rfd1 b6 22. Ba1 Bg7 23. f4 1/2-1/2

[Event "Torre Blanca Copa de Campeones"]
[Site "Buenos Aires"]
[Date "2001.11.05"]
[Round "1"]
[White "Jolodovsky, Alberto"]
[Black "Ferrara, Alexis"]
[Result "1-0"]
[WhiteElo "2066"]
[BlackElo "2261"]
[PlyCount "109"]
[EventDate "2001.11.05"]
[EventType "swiss"]
[EventRounds "7"]
[EventCountry "ARG"]
[SourceTitle "EXT 2003"]
[Source "ChessBase"]
[SourceDate "2002.11.25"]
[SourceVersion "1"]
[SourceVersionDate "2002.11.25"]
[SourceQuality "1"]

1. e4 c5 2. c4 Nc6 3. Nc3 g6 4. Nf3 Bg7 5. d3 d6 6. Be2 e5 7. Bg5 f6 8. Bd2 Nge7 9. 0-0 a6 10. Qc1 Rb8 11. Bh6 0-0 12. Bxg7 Kxg7 13. a4 f5 14. Nd5 f4 15. Qd1 h6 16. h3 Bd7 17. Nh2 Nd4 18. Bg4 Nxd5 19. cxd5 Bxg4 20. hxg4 f3 21. Nxf3 Nxf3+ 22. gxf3 Qg5 23. Kg2 Rf4 24. Rh1 Rbf8 25. Rh3 h5 26. Rg3 hxg4 27. Rxg4 Rxg4+ 28. fxg4 Rh8 29. Qf3 Rh4 30. Kf1 Rxg4 31. Ke2 Rf4 32. Qh3 Qh5+ 33. Qxh5 gxh5 34. a5 c4 35. f3 cxd3+ 36. Kf2 h4 37. Rd1 Kg6 38. Rxd3 Rf7 39. Rc3 Rg7 40. Rc8 Rd7 41. Rh8 Rc7 42. Rxh4 Rc2+ 43. Kg3 Rxb2 44. Rh8 Kf7 45. Kg4 Rb5 46. Kf5 Rxa5 47. Rh7+ Kg8 48. Rxb7 Rb5 49. Rd7 Rb3 50. Rxd6 a5 51. Kxe5 Rxf3 52. Ra6 Kf7 53. Ra7+ Ke8 54. Ke6 Kd8 55. d6 1-0

[Event "Torre Blanca Copa de Campeones"]
[Site "Buenos Aires"]
[Date "2000.11.10"]
[Round "3"]
[White "Alvarez Castillo, Hector Adrian"]
[Black "Jolodovsky, Alberto"]
[Result "1-0"]
[WhiteElo "2175"]
[BlackElo "2006"]
[PlyCount "91"]
[EventDate "2000.11.??"]
[EventType "swiss"]
[EventRounds "7"]
[EventCountry "ARG"]
[SourceTitle "EXT 2005"]
[Source "ChessBase"]
[SourceDate "2004.11.15"]
[SourceVersion "1"]
[SourceVersionDate "2004.11.15"]
[SourceQuality "1"]

1. d4 d5 2. c4 e6 3. Nc3 Nf6 4. Nf3 Be7 5. Bf4 c6 6. e3 0-0 7. h3 Re8 8. Rc1 Nbd7 9. Bd3 dxc4 10. Bxc4 Nd5 11. Bxd5 exd5 12. Nxd5 cxd5 13. 0-0 Nf6 14. Bc7 Qd7 15. Ne5 Qe6 16. f4 Ne4 17. f5 Qh6 18. Ng4 Qg5 19. Rf4 Bxf5 20. Qf3 Bxg4 21. Rxg4 Qh6 22. Be5 Bf6 23. Bf4 Bg5 24. Rxg5 Nxg5 25. Qxd5 Nxh3+ 26. gxh3 Qxh3 27. Rc7 Re6 28. Qxb7 Rf8 29. Kf2 Rg6 30. Qf3 Qh4+ 31. Ke2 Rf6 32. Rc5 Re8 33. Re5 Rfe6 34. Rh5 Qe7 35. d5 Rb6 36. Be5 Qb4 37. Bc3 Qc4+ 38. Kd2 Qxa2 39. e4 Rxb2+ 40. Bxb2 Qxb2+ 41. Ke3 Qc1+ 42. Kf2 Qc2+ 43. Kg3 Qxe4 44. Qxe4 Rxe4 45. Kf3 Rd4 46. Ke3 1-0

[Event "Torre Blanca op"]
[Site "Buenos Aires"]
[Date "1999.??.??"]
[Round "5"]
[White "Echeguren, Gustavo Fabian"]
[Black "Jolodovsky, Alberto"]
[Result "1/2-1/2"]
[WhiteElo "2124"]
[BlackElo "2069"]
[PlyCount "106"]
[EventDate "1999.10.??"]
[EventType "swiss"]
[EventRounds "9"]
[EventCountry "ARG"]
[SourceTitle "EXT 2001"]
[Source "ChessBase"]
[SourceDate "2000.11.22"]
[SourceVersion "1"]
[SourceVersionDate "2000.11.22"]
[SourceQuality "1"]

1. e4 c5 2. c3 Nc6 3. d4 cxd4 4. cxd4 Nf6 5. Nc3 d6 6. Nf3 g6 7. Be2 Bg7 8. 0-0 0-0 9. h3 a6 10. a4 Bd7 11. Be3 Rb8 12. Qd2 b5 13. axb5 axb5 14. e5 dxe5 15. dxe5 b4 16. exf6 bxc3 17. bxc3 Bxf6 18. Rfd1 Be6 19. Nd4 Nxd4 20. Bxd4 Bb3 21. Rdb1 e5 22. Be3 Qxd2 23. Bxd2 e4 24. Ra6 Be6 25. Rb4 Rfd8 26. Bf4 Rbc8 27. c4 Be7 28. Rb7 Bc5 29. Bg5 Rd4 30. Ra4 Bf8 31. Be3 Rd7 32. Rxd7 Bxd7 33. Ra7 Be6 34. Ra4 Bc5 35. Bxc5 Rxc5 36. Kf1 f5 37. Ke1 Kf7 38. Kd2 Kf6 39. Ke3 Ke5 40. g3 g5 41. f4+ exf3 42. Kxf3 h5 43. Rb4 Bd7 44. Ke3 f4+ 45. gxf4+ gxf4+ 46. Kf2 Ke4 47. Rb3 h4 48. Rb7 Bxh3 49. Rh7 Be6 50. Rxh4 Bxc4 51. Bf3+ Ke5 52. Rh5+ Kd4 53. Rxc5 Kxc5 1/2-1/2

[Event "Torre Blanca op"]
[Site "Buenos Aires"]
[Date "1999.??.??"]
[Round "8"]
[White "Flamhum, Hernan"]
[Black "Jolodovsky, Alberto"]
[Result "1-0"]
[WhiteElo "2170"]
[BlackElo "2069"]
[PlyCount "77"]
[EventDate "1999.10.??"]
[EventType "swiss"]
[EventRounds "9"]
[EventCountry "ARG"]
[SourceTitle "EXT 2001"]
[Source "ChessBase"]
[SourceDate "2000.11.22"]
[SourceVersion "1"]
[SourceVersionDate "2000.11.22"]
[SourceQuality "1"]

1. g3 g6 2. Bg2 Bg7 3. Nf3 Nf6 4. 0-0 d5 5. c4 dxc4 6. Qa4+ c6 7. Qxc4 Qd5 8. Qc2 Nbd7 9. d3 0-0 10. Nc3 Qd6 11. Rd1 e5 12. a4 a5 13. b3 b6 14. Ba3 Nc5 15. Nd2 Bf5 16. Nde4 Nfxe4 17. Nxe4 Bxe4 18. Bxe4 f5 19. Qc4+ Kh8 20. Bg2 Qd4 21. Qxd4 exd4 22. Bxc6 Rac8 23. Bd5 Rfe8 24. Kf1 Re5 25. Bc4 g5 26. Bc1 Bf6 27. Bb2 Re7 28. Rdc1 Kg7 29. Rc2 h5 30. Rb1 f4 31. Ba3 fxg3 32. hxg3 Be5 33. b4 Nxa4 34. bxa5 Rb7 35. Rb5 Bb8 36. Rxg5+ Kf6 37. a6 Kxg5 38. axb7 Rd8 39. Be7+ 1-0

[Event "Torre Blanca op"]
[Site "Buenos Aires"]
[Date "1999.??.??"]
[Round "1"]
[White "Jolodovsky, Alberto"]
[Black "Fama, Ariel"]
[Result "0-1"]
[WhiteElo "2069"]
[BlackElo "2175"]
[PlyCount "62"]
[EventDate "1999.10.??"]
[EventType "swiss"]
[EventRounds "9"]
[EventCountry "ARG"]
[SourceTitle "EXT 2001"]
[Source "ChessBase"]
[SourceDate "2000.11.22"]
[SourceVersion "1"]
[SourceVersionDate "2000.11.22"]
[SourceQuality "1"]

1. e4 c5 2. Nf3 d6 3. d3 Nc6 4. Be2 g6 5. 0-0 Bg7 6. c3 e6 7. Bg5 Nge7 8. Qd2 h6 9. Be3 g5 10. d4 b6 11. Bb5 a6 12. Ba4 0-0 13. Ne1 e5 14. d5 Nb8 15. c4 f5 16. f3 f4 17. Bf2 h5 18. b4 Ng6 19. bxc5 bxc5 20. Nc3 g4 21. Bd1 Bh6 22. Nd3 Kh7 23. Qe1 Qg5 24. g3 fxg3 25. hxg3 gxf3 26. Bxc5 dxc5 27. Rxf3 Rxf3 28. Bxf3 h4 29. Rb1 hxg3 30. Rb6 Nh4 31. Bg2 Bh3 0-1